000 00414nam a2200145 4500
001 122167
003 ES-MaACL
007 t|
008 070214s1973 sp r ||||1| spa d
100 1 _aPrieto Alberca, Manuel.
_993908
245 1 0 _aProblemas de mecánica racional /
_cManuel Prieto Alberca.
260 _aMadrid :
_bIndex,
_c1973.
300 _a390 p. :
_bil. ;
_c25 cm.
852 _aES-MaACL
_jE-7225
_bR.91340
999 _c122167
_d122167